00662nam a22002057a 450000500170000001000130001702000220003003500130005203700160006504000120008108200170009310000150011024500640012526000500018927000730023930000260031250000600033865000290039865000290042720170124110138.0 aA-993382 c00.00a8171414990 aA-993382 bCen Lib/Ret aDPLbEN a640.835bSAR aSarada, D. aFamily life education for adolescent girls /cby D. Sarada  aNew Delhi bDiscovery Publishing House c1999 bNew Delhi e110002a4831/24, ansari road, Pralad street dariya ganj  aviii, 188p.c21cm(Hb) aIncludes appendix, bibliographical references and index aTeenage girlsxEducation aFamily life educationx